| 000 | 00882nam0a22002531 4500 | ||
|---|---|---|---|
| 001 | RU\INFOCOMM_322\NLR\5000275606 | ||
| 005 | 20250614080907.0 | ||
| 035 | _a(NLR Aleph) 010622056 | ||
| 090 |
_a10606275 _c10606275 |
||
| 100 | _a20130328d1811 |||y0rusy50 ca | ||
| 101 | 0 | _afre | |
| 102 | _aRU | ||
| 105 | _ay z|||| | ||
| 200 | 1 | _aMémoire sur le régime établi en Espagne dans les troupeaux de mérinos, et sur les moyens d'amélioration convenables aux provinces méridionales de la Russie | |
| 210 |
_aSt. Pétersbourg _cImpr. chez A. Pluchart et comp. _d1811 |
||
| 215 |
_a[4], 88 с. _d21 см |
||
| 300 | _aАвтор указан в конце предисл. | ||
| 620 | _aСанкт-Петербург | ||
| 700 | 1 |
_aRouvier _bG. _gGuillaume |
|
| 801 | 1 |
_aRU _bInfocomm _c20130328 |
|
| 801 | 0 |
_aRU _bINFOCOMM _gPSBO |
|
| 852 |
_aNLR _jВ10/255 |
||
| 942 | _cBOOK | ||
| 980 | _aNB | ||